|
|
|
|
| LEADER |
01045nam a2200229 u 4500 |
| 001 |
10015128 |
| 003 |
GR-PaULI |
| 005 |
20230530104706.0 |
| 008 |
881025s1963 gr cgre |
| 952 |
|
|
|0 0
|1 0
|2 ddc
|4 0
|6 823_912000000000000_ΔΕΛ
|7 0
|9 355818
|a LISP
|b LISP
|c DON
|d 2022-02-09
|e ΠΑΤ
|i 146538
|l 0
|o 823.912 ΔΕΛ
|p 025000272819
|r 2022-02-09 00:00:00
|t 1
|w 2022-02-09
|y BKN
|
| 999 |
|
|
|c 208506
|d 208506
|
| 020 |
|
|
|a
|
| 040 |
|
|
|a GR-PaULI
|c GR-PaULI
|b gre
|e AACR2
|
| 082 |
0 |
4 |
|a 823.912
|2 23
|
| 100 |
1 |
|
|9 190048
|a Δέλιος, Γιώργος,
|d 1897-1980
|e συγγραφέας.
|
| 245 |
1 |
0 |
|a Δύο αγγλίδες πεζογράφοι :
|b (Virginia Woolf και Katherine Mansfield) : δοκίμια και μεταφράσεις /
|c Γιώργου Δέλιου.
|
| 260 |
|
|
|a Αθήνα :
|b Γ. Φέξης,
|c 1963.
|
| 300 |
|
|
|a 210 σ. ;
|c 21 εκ.
|
| 600 |
1 |
4 |
|9 80265
|a Woolf, Virginia,
|d 1882-1941
|x Ερμηνεία και κριτική.
|
| 600 |
1 |
4 |
|a Mansfield, Katherine,
|d 1888-1923
|9 80108
|
| 942 |
|
|
|2 ddc
|c BKN
|
| 998 |
|
|
|c ΜΠΟΥΡΑΣ
|d 2022-01
|